000 00414nam a2200157Ia 4500
008 231217s9999 xx 000 0 und d
020 _a9971512750
041 _aEnglish
082 _a001.642 SIL;68
100 _aSilberschatz, Abraham. Galvin, Peter Baer.
245 0 _aOperating system concepts
250 _a5th ed.
260 _c2000
_bJohn & Wiley sons
_aSingapore
300 _axvii, 888
942 _cAA
999 _c199633
_d199633